000 00823 a2200205 4500
999 _c4657
_d4657
010 _aENG-86525
020 _a8183821367
_c125.00
035 _aEN-70058
035 _aB-270519-539
037 _bDBAD / PUB
_aLotus/239/27.5.08/67/16.5.08/5.6.08
082 _a615.882
100 _aSharma, Rajeev
245 _aReiki:
_cby Rajeev Sharma
_bthe science of Healing /
260 _aNew Delhi
_bLotus Press
_c2007
270 _a4263/3, Ansari Road, Darya Ganj
_bNew Delhi
_e110 002
_k011-32903912, 011-23290047
_mlotus_press@sify.com
300 _a231 p.
_c22cm (Pbk)
_bill.
942 _adpl
_cEN
_2ddc
_h615.882
_mSHA